Normal view
MARC view
Entry Personal Name
001 - CONTROL NUMBER
- control field: 50932
003 - CONTROL NUMBER IDENTIFIER
- control field: ARRUPE
005 - DATE AND TIME OF LATEST TRANSACTION
- control field: 20211102120140.0
008 - FIXED-LENGTH DATA ELEMENTS
- fixed length control field: 211102|| aca||aabn | a|a d
040 ## - CATALOGING SOURCE
- Original cataloging agency: ARRUPE
- Transcribing agency: ARRUPE
100 ## - HEADING--PERSONAL NAME
- Personal name: Finkbeiner, Daniel T.
- Fuller form of name: (Daniel Talbot),
- Dates associated with a name: 1919-
670 ## - SOURCE DATA FOUND
- Source citation: Work cat.: (ARRUPE)0: Finkbeiner, Daniel T. (Daniel Talbot), 1919-, Elements of linear algebra, [1972]